Vista normal Vista MARC

Entrada Topical Term

Número de registros utilizados en: 1

001 - CONTROL NUMBER

  • control field: 1025

003 - CONTROL NUMBER IDENTIFIER

  • control field: OSt

005 - DATE AND TIME OF LATEST TRANSACTION

  • control field: 20200302103329.0

008 - FIXED-LENGTH DATA ELEMENTS

  • fixed length control field: 200302|| aca||aabn | a|a d

040 ## - CATALOGING SOURCE

  • Original cataloging agency: OSt
  • Transcribing agency: OSt

150 ## - HEADING--TOPICAL TERM

  • Topical term or geographic name entry element: Reservas forestales

670 ## - SOURCE DATA FOUND

  • Source citation: Work cat.: (OSt): Ciclo de conferencias (1er: 2017: Bogotá). Martes de planetario 1024, La reserva van der Hammen : , 2019